Spraying dusting and fumigating of plants: Principles and applications (Record no. 19630)

MARC details
000 -LEADER
fixed length control field 00468nam a2200169Ia 4500
082 ## - DEWEY DECIMAL CLASSIFICATION NUMBER
Classification number 632.934.1/.2
Item number HOU
100 ## - MAIN ENTRY--AUTHOR NAME
Personal name HOUGH, Walter S
245 #0 - TITLE STATEMENT
Title Spraying dusting and fumigating of plants: Principles and applications
260 ## - PUBLICATION, DISTRIBUTION, ETC. (IMPRINT)
Place of publication New York
Name of publisher Macmillan
Year of publication 1951
650 ## - SUBJECT ADDED ENTRY--TOPICAL TERM
Topical Term Fumigation
650 ## - SUBJECT ADDED ENTRY--TOPICAL TERM
Topical Term Fungicides
650 ## - SUBJECT ADDED ENTRY--TOPICAL TERM
Topical Term Insecticides
650 ## - SUBJECT ADDED ENTRY--TOPICAL TERM
Topical Term Pest control
700 ## - ADDED ENTRY--PERSONAL NAME
Personal name MASON, Freeman A
942 ## - ADDED ENTRY ELEMENTS (KOHA)
Koha item type Books
Holdings
Withdrawn status Lost status Damaged status Not for loan Home library Current library Date acquired Full call number Accession Number Koha item type
        RRII Library RRII Library 16/12/2021 632.934.1/.2 HOU 00363 Books